000
00246nam a2200109Ia 4500
008
231212s1976 xx 000 0 und d
041
_a
eng
082
_a
621.38
100
_a
Gawaskar
245
_a
Workshop Guide
260
_a
Dadar
_b
New Hei
_c
1976
999
_c
957911
_d
957911